[Event "Guingamp op 6th"]
[Site "Guingamp"]
[Date "2002.04.17"]
[Round "3"]
[White "Briand, Guillaume"]
[Black "Tchernomoroff, Sylvain"]
[Result "1-0"]
[WhiteElo "1380"]
[BlackElo "1600"]
[PlyCount "47"]
[EventDate "2002.04.16"]
[EventType "swiss"]
[EventRounds "7"]
[EventCountry "FRA"]
[SourceTitle "EXT 2003"]
[Source "ChessBase"]
[SourceDate "2002.11.25"]
[SourceVersion "1"]
[SourceVersionDate "2002.11.25"]
[SourceQuality "1"]

1. e4 c6 2. d4 d5 3. e5 Bf5 4. Nf3 e6 5. Be3 Nd7 6. h3 Qb6 7. b3 h6 8. g4 Bg6 9. Bg2 Be4 10. 0-0 Bxf3 11. Qxf3 c5 12. c3 cxd4 13. cxd4 Rc8 14. Nd2 Ba3 15. Rad1 Ne7 16. Qg3 Nf8 17. f4 Kd7 18. f5 Bb2 19. Nb1 Nc6 20. Qf2 Nb4 21. Qxb2 Rc2 22. Qa1 Rxg2+ 23. Kxg2 Nc2 24. Qc3 1-0

[Event "Guingamp op 6th"]
[Site "Guingamp"]
[Date "2002.04.16"]
[Round "1"]
[White "Briand, Guillaume"]
[Black "Michel, Fabien"]
[Result "0-1"]
[WhiteElo "1380"]
[BlackElo "1860"]
[PlyCount "56"]
[EventDate "2002.04.16"]
[EventType "swiss"]
[EventRounds "7"]
[EventCountry "FRA"]
[SourceTitle "EXT 2003"]
[Source "ChessBase"]
[SourceDate "2002.11.25"]
[SourceVersion "1"]
[SourceVersionDate "2002.11.25"]
[SourceQuality "1"]

1. e4 c5 2. f4 g6 3. Nf3 Bg7 4. Nc3 Nc6 5. Bc4 e6 6. 0-0 Nge7 7. d3 a6 8. a4 0-0 9. Be3 d5 10. exd5 exd5 11. Nxd5 Nxd5 12. Bxc5 Re8 13. c3 b6 14. Bf2 Bf5 15. d4 Nxf4 16. Qb3 Be6 17. Bxe6 Rxe6 18. Bg3 Ne2+ 19. Kh1 Nxg3+ 20. hxg3 Na5 21. Qc2 Qd5 22. Qd2 Rae8 23. Rfe1 Nc4 24. Qc1 Rxe1+ 25. Nxe1 Re2 26. b3 Ne3 27. Nf3 Qh5+ 28. Nh2 Rxg2 0-1